00573nam a2200169 4500001000700000003000900007005001700016007000300033008004100036100003400077245005700111260004000168300002200208852003200230999001900262952012200281149017ES-MaACL20230906202918.0t|070214s1963 sp r ||||1| cat d1 aSureda Blanes, Josep.920405713aLa creació científica / cJosép Sureda Blanes. aPalma de Mallorca : bMoll, c1963. a134 p. ; c16 cm. aES-MaACLjC-24730 bR.53654 c149017d149017 00104070aATENEOMbATENEOMcDEPO2d2008-01-17eSCl0oC-24730p1155505r2023-02-23 00:00:00w2023-02-23yMONOGRAFIA